Pokémon By First 2 Letters #1 - Statistics

General Stats
  • This quiz has been taken 222 times
    216 since last reset
  • The average score is 372 of 493
Answer Stats
Pokémon % Correct
Budew
96%
Buizel
96%
Bulbasaur
96%
Buneary
96%
Burmy
96%
Butterfree
96%
Pidgeot
96%
Pidgeotto
96%
Pidgey
96%
Pikachu
96%
Pinsir
96%
Wartortle
94%
Pichu
93%
Piloswine
93%
Pineco
93%
Piplup
93%
Raichu
93%
Rapidash
93%
Raticate
93%
Rattata
93%
Rayquaza
93%
Venomoth
93%
Venonat
93%
Venusaur
93%
Vespiquen
93%
Wailmer
93%
Wailord
93%
Walreign
93%
Caterpie
92%
Chansey
92%
Charizard
92%
Charmander
92%
Charmeleon
92%
Chatot
92%
Cherrim
92%
Cherubi
92%
Chikorita
92%
Chimchar
92%
Chimecho
92%
Chinchou
92%
Chingling
92%
Medicham
92%
Meditite
92%
Meganium
92%
Meowth
92%
Mesprit
92%
Metagross
92%
Metang
92%
Metapod
92%
Mew
92%
Mewtwo
92%
Weavile
92%
Weedle
92%
Weepinbell
92%
Weezing
92%
Beautifly
90%
Beedrill
90%
Bellossom
90%
Bellsprout
90%
Blastoise
90%
Blaziken
90%
Blissey
90%
Ivysaur
90%
Machamp
90%
Machoke
90%
Machop
90%
Magby
90%
Magikarp
90%
Magmar
90%
Magnemite
90%
Magneton
90%
Manaphy
90%
Mankey
90%
Mareep
90%
Marowak
90%
Masquerain
90%
Politoed
90%
Poliwag
90%
Poliwhirl
90%
Poliwrath
90%
Ponyta
90%
Porygon
90%
Raikou
90%
Ralts
90%
Rampardos
90%
Cacnea
89%
Cacturne
89%
Camerupt
89%
Carnivine
89%
Carvanha
89%
Cascoon
89%
Castform
89%
Fearow
89%
Feebas
89%
Feraligatr
89%
Moltres
89%
Zapdos
89%
Arbok
87%
Arcanine
87%
Arceus
87%
Ariados
87%
Articuno
87%
Kabuto
87%
Kabutops
87%
Kadabra
87%
Kakuna
87%
Kangaskhan
87%
Nidoking
87%
Nidoqueen
87%
Nidoran♀
87%
Nidoran♂
87%
Nidorina
87%
Nidorino
87%
Ninetales
87%
Ninjask
87%
Poochyena
87%
Porygon2
87%
Porygon-Z
87%
Armaldo
86%
Aron
86%
Baltoy
86%
Banette
86%
Bayleef
86%
Golbat
86%
Goldeen
86%
Golduck
86%
Golem
86%
Magcargo
86%
Magmortar
86%
Magnezone
86%
Makuhita
86%
Mamoswine
86%
Manectric
86%
Mantine
86%
Mantyke
86%
Marill
86%
Marshtomp
86%
Mawile
86%
Monferno
86%
Mothim
86%
Beldum
85%
Gorebyss
85%
Nincada
85%
Squirtle
85%
Zangoose
85%
Lapras
83%
Latias
83%
Mr. Mime
83%
Wigglytuff
83%
Bagon
82%
Barboach
82%
Bastiodon
82%
Delcatty
82%
Dewgong
82%
Jigglypuff
82%
Jirachi
82%
Lairon
82%
Lanturn
82%
Larvitar
82%
Latios
82%
Mightyena
82%
Miltank
82%
Misdreavus
82%
Mismagius
82%
Muk
82%
Murkrow
82%
Pelipper
82%
Persian
82%
Seadra
82%
Seaking
82%
Sealeo
82%
Seedot
82%
Seel
82%
Sentret
82%
Seviper
82%
Vibrava
82%
Victreebel
82%
Vigoroth
82%
Vileplume
82%
Dugtrio
80%
Gallade
80%
Gastly
80%
Gengar
80%
Geodude
80%
Torkoal
80%
Torterra
80%
Totodile
80%
Toxicroak
80%
Alakazam
79%
Altaria
79%
Gabite
79%
Garchomp
79%
Gardevoir
79%
Gastrodon
79%
Graveler
79%
Grimer
79%
Groudon
79%
Growlithe
79%
Happiny
79%
Haunter
79%
Jolteon
79%
Milotic
79%
Mime Jr.
79%
Minun
79%
Mudkip
79%
Munchlax
79%
Vaporeon
79%
Abra
77%
Delibird
77%
Deoxys
77%
Dunsparce
77%
Dusclops
77%
Dusknoir
77%
Duskull
77%
Dustox
77%
Ekans
77%
Lopunny
77%
Loudred
77%
Spearow
77%
Spheal
77%
Spinarak
77%
Spoink
77%
Togekiss
77%
Togepi
77%
Togetic
77%
Torchic
77%
Wingull
77%
Wobbuffet
77%
Dialga
76%
Diglett
76%
Ditto
76%
Dragonair
76%
Dragonite
76%
Drapion
76%
Dratini
76%
Drifblim
76%
Drifloon
76%
Drowzee
76%
Lombre
76%
Lotad
76%
Quilava
76%
Sableye
76%
Sandshrew
76%
Sandslash
76%
Shaymin
76%
Shellder
76%
Shellos
76%
Shiftry
76%
Shuckle
76%
Shuppet
76%
Vulpix
76%
Combee
75%
Combusken
75%
Corphish
75%
Granbull
75%
Grotle
75%
Grovyle
75%
Grumpig
75%
Honchkrow
75%
Hoppip
75%
Horsea
75%
Houndoom
75%
Houndour
75%
Kingler
75%
Kirlia
75%
Lickilicky
75%
Lickitung
75%
Lileep
75%
Linoone
75%
Palkia
75%
Paras
75%
Parasect
75%
Spinda
75%
Spiritomb
75%
Wooper
75%
Wormadam
75%
Zubat
75%
Claydol
73%
Clefable
73%
Clefairy
73%
Cleffa
73%
Cloyster
73%
Cubone
73%
Eevee
73%
Glaceon
73%
Glalie
73%
Glameow
73%
Gligar
73%
Gliscor
73%
Gloom
73%
Ho-oh
73%
Hoothoot
73%
Koffing
73%
Lugia
73%
Luxray
73%
Primeape
73%
Quagsire
73%
Salamence
73%
Sharpedo
73%
Shedinja
73%
Shelgon
73%
Shieldon
73%
Shinx
73%
Shroomish
73%
Volbeat
73%
Voltorb
73%
Abomasnow
72%
Absol
72%
Electabuzz
72%
Electrode
72%
Flaffy
72%
Flareon
72%
Floatzel
72%
Hariyama
72%
Leafeon
72%
Ledian
72%
Lucario
72%
Ludicolo
72%
Lumineon
72%
Lunatone
72%
Luvdisc
72%
Luxio
72%
Noctowl
72%
Pachirisu
72%
Prinplup
72%
Probopass
72%
Sneasel
72%
Snorlax
72%
Snubbull
72%
Typhlosion
72%
Aerodactyl
70%
Corsola
70%
Cradily
70%
Cranidos
70%
Crawdaunt
70%
Cresselia
70%
Croagunk
70%
Crobat
70%
Croconaw
70%
Hippopotas
70%
Hippowdon
70%
Hitmonchan
70%
Hitmonlee
70%
Kingdra
70%
Regice
70%
Regigigas
70%
Regirock
70%
Registeel
70%
Relicanth
70%
Remoraid
70%
Roselia
70%
Taillow
70%
Tangela
70%
Tauros
70%
Treecko
70%
Tropius
70%
Clamperl
69%
Electivire
69%
Electrike
69%
Elekid
69%
Flygon
69%
Ledyba
69%
Nosepass
69%
Scyther
69%
Slowbro
69%
Slowpoke
69%
Dodrio
68%
Doduo
68%
Donphan
68%
Furret
68%
Slaking
68%
Slakoth
68%
Slowking
68%
Slugma
68%
Snorunt
68%
Snover
68%
Suicune
68%
Tangrowth
68%
Tyranitar
68%
Tyrogue
68%
Gible
66%
Hitmontop
66%
Hypno
66%
Roserade
66%
Rotom
66%
Silcoon
66%
Staravia
66%
Starly
66%
Starmie
66%
Staryu
66%
Steelix
66%
Stunky
66%
Trapinch
66%
Ampharos
65%
Numel
65%
Nuzleaf
65%
Oddish
65%
Sceptile
65%
Scizor
65%
Sudowoodo
65%
Sunflora
65%
Sunkern
65%
Surskit
65%
Exeggcute
63%
Exeggutor
63%
Exploud
63%
Girafarig
63%
Giratina
63%
Heatran
63%
Heracross
63%
Omanyte
63%
Omastar
63%
Cyndaquil
62%
Farfetch'd
62%
Jumpluff
62%
Natu
62%
Plusle
62%
Purugly
62%
Skarmory
62%
Skitty
62%
Skuntank
62%
Stantler
62%
Staraptor
62%
Teddiursa
62%
Tentacool
62%
Tentacruel
62%
Turtwig
62%
Bibarel
61%
Krabby
61%
Kricketot
61%
Kricketune
61%
Psyduck
61%
Pupitar
61%
Ambipom
59%
Azelf
59%
Azumarill
59%
Azurill
59%
Bonsly
59%
Solrock
59%
Swablu
59%
Swalot
59%
Swampert
59%
Swellow
59%
Swinub
59%
Wurmple
59%
Celebi
58%
Darkrai
58%
Forretress
58%
Gyarados
58%
Huntail
58%
Igglybuff
58%
Onix
58%
Skiploom
58%
Skorupi
58%
Bidoof
56%
Empoleon
56%
Finneon
56%
Breloom
55%
Bronzong
55%
Bronzor
55%
Entei
55%
Espeon
55%
Gulpin
55%
Infernape
55%
Zigzagoon
55%
Anorith
54%
Phanpy
54%
Phione
54%
Riolu
54%
Umbreon
54%
Jynx
51%
Uxie
51%
Illumise
49%
Kyogre
49%
Whiscash
49%
Whismur
49%
Xatu
49%
Aggron
46%
Froslass
46%
Ursaring
46%
Aipom
45%
Smeargle
45%
Kecleon
44%
Octillery
42%
Rhydon
42%
Rhyhorn
42%
Rhyperior
42%
Smoochum
42%
Yanma
39%
Yanmega
39%
Qwilfish
37%
Wynaut
37%
Unown
32%
No matching quizzes found
Score Distribution
Percent of People with Each Score
Percentile by Number Answered
Your Score History
You have not taken this quiz since the last reset